| 000 | 00405nam a2200157Ia 4500 | ||
|---|---|---|---|
| 008 | 230711s9999||||xx |||||||||||||| ||und|| | ||
| 041 | _aENG | ||
| 082 |
_a720 _bKA-L |
||
| 100 | _aBrownlee,David B. | ||
| 245 | 0 | _aLouis I. Kahn: In the Realm of Architecture | |
| 250 | _a1st . . Ed. | ||
| 260 |
_c1997 _aLondon _bThames & Hudson |
||
| 650 | _aArchitecture | ||
| 700 | _aLong,David Gilson De | ||
| 942 | _cBK | ||
| 999 |
_c4330 _d4330 |
||